000 00356nam a22001457a 4500
003 OSt
005 20231202043909.0
008 231202b |||||||| |||| 00| 0 eng d
040 _cIIMT UNIVERSITY
100 _aPODAR, HANUMANPRASAD
245 _aUPNISHADON KE CHODAHA RATAN
260 _aGORAKHPUR
_bGEETA PRESS
_cS.2052
300 _a80
942 _2ddc
_c09
999 _c57739
_d57739